| 000 | 00800nam a2200217Ia 4500 | ||
|---|---|---|---|
| 008 | 130821s1998 enk gr eng | ||
| 020 | _a0198294956 | ||
| 040 |
_aCo-BoUCM _bspa |
||
| 041 | 0 | 0 | _aeng |
| 100 | 1 |
_aDanson, Andrew. _9161491 |
|
| 245 | 1 | 0 |
_aJustice and the environment conceptions of environmental sustainability and theories of distributive justice _cAndrew Dobson |
| 260 |
_aOxford (Oxfordshire, Inglaterra) _bOxford University press _c1998 |
||
| 300 | _aix, 280 páginas | ||
| 504 | _aIncluye bibliografía e índice | ||
| 650 | 0 | 4 |
_aControl ambiental _911860 |
| 650 | 0 | 4 |
_aMedio ambiente _919225 |
| 650 | 0 | 4 |
_aPolítica ambiental _921917 |
| 650 | 0 | 4 |
_aProtección del medio ambiente _922643 |
| 942 |
_cLIBRO _a5 _e1 _mD116j _2DEWEY _h363.72 |
||
| 999 |
_c44197 _d44197 |
||